|
|
|
|
| LEADER |
00000cam a2200000 7i4500 |
| 001 |
0000000973 |
| 005 |
20140323.0 |
| 020 |
0 |
0 |
|a 9251006954
|
| 090 |
0 |
0 |
|a FAO634.90951
|b CHI 1978
|
| 245 |
0 |
0 |
|a CHINA :
|b Forestry support for agriculture :
|b Report on a FAO/UNDP study tour to the People's Republic of China, 11 August-30 September, 1977
|
| 260 |
0 |
0 |
|a Rome :
|b Food and Agriculture Organization of the United Nations ,
|c 1978
|
| 300 |
|
|
|a xii, 103 p. :
|b ill., map ;
|c 28 cm.
|
| 440 |
0 |
0 |
|a FAO forestry paper ; 12
|
| 500 |
0 |
0 |
|a Bibliography: [p. 102-103]
|
| 650 |
0 |
0 |
|a Agriculture
|z China
|
| 650 |
0 |
0 |
|a Forest policy
|z China
|
| 650 |
0 |
0 |
|a Forests and forestry
|z China
|
| 710 |
1 |
1 |
|a Food and Agriculture Organization of the United Nations (FAO)
|
| 998 |
|
|
|a JPSM
|
| 999 |
|
|
|a 0000001985
|b Monograph
|c Food and Agriculture Organization
|e Default branch
|